000
00279nam a2200121 a 4500
008
110107s1978|||| d
100
1
_a
Marx, Karol
245
1
0
_a
Ekonomicko-fylozofické rukopisy
260
_b
Svoboda
_a
Praha
_c
1978
020
_c
9
041
_a
ces
044
_a
CZ
999
_c
15561
_d
15561